| 000 | 00837nam a2200241 i 4500 | ||
|---|---|---|---|
| 001 | 000048952 | ||
| 003 | DO-SdBNP | ||
| 005 | 20251118135351.0 | ||
| 007 | ta | ||
| 008 | 190507s2006 dr r 000 0 spa d | ||
| 040 |
_aDO-SdBNP _bspa _cBNPHU _erda |
||
| 041 | _aspa | ||
| 082 | 4 |
_axxxx _222 |
|
| 245 | 0 | 0 | _aGuía metodologíca para la elaboración y/o actualización de planes de manejo de áreas protejidas de República Dominicana. |
| 264 | 4 |
_aSanto Domingo : _bSecretaría de Estado de Medio Ambiente y Recursos Naturales, _c2006. |
|
| 300 |
_a68 páginas ; _c21 cm. |
||
| 336 |
_atext _btxt _2rdacontent |
||
| 337 |
_asin mediación _bn _2rdamedia |
||
| 338 |
_avolumen _bn _2rdacarrier |
||
| 590 | _aInventariado, 2019/BT | ||
| 710 |
_aSecretaría de Estado de Medio Ambiente y Recursos Naturales _988808 |
||
| 942 |
_2ddc _cLBS1 |
||
| 999 |
_c48440 _d48440 |
||